<?xml version="1.0" encoding="UTF-8"?><?xml-stylesheet type="text/xsl" href="static/style.xsl"?><OAI-PMH xmlns="http://www.openarchives.org/OAI/2.0/" xmlns:xsi="http://www.w3.org/2001/XMLSchema-instance" xsi:schemaLocation="http://www.openarchives.org/OAI/2.0/ http://www.openarchives.org/OAI/2.0/OAI-PMH.xsd"><responseDate>2026-04-13T05:59:57Z</responseDate><request verb="GetRecord" identifier="oai:www.recercat.cat:2445/174927" metadataPrefix="marc">https://recercat.cat/oai/request</request><GetRecord><record><header><identifier>oai:recercat.cat:2445/174927</identifier><datestamp>2025-12-05T04:20:57Z</datestamp><setSpec>com_2072_1057</setSpec><setSpec>col_2072_478809</setSpec><setSpec>col_2072_478917</setSpec></header><metadata><record xmlns="http://www.loc.gov/MARC21/slim" xmlns:dcterms="http://purl.org/dc/terms/" xmlns:xsi="http://www.w3.org/2001/XMLSchema-instance" xmlns:doc="http://www.lyncode.com/xoai" xsi:schemaLocation="http://www.loc.gov/MARC21/slim http://www.loc.gov/standards/marcxml/schema/MARC21slim.xsd">
   <leader>00925njm 22002777a 4500</leader>
   <datafield ind2=" " ind1=" " tag="042">
      <subfield code="a">dc</subfield>
   </datafield>
   <datafield ind2=" " ind1=" " tag="720">
      <subfield code="a">Darbà, Josep</subfield>
      <subfield code="e">author</subfield>
   </datafield>
   <datafield ind2=" " ind1=" " tag="720">
      <subfield code="a">Marsà, Alícia</subfield>
      <subfield code="e">author</subfield>
   </datafield>
   <datafield ind2=" " ind1=" " tag="260">
      <subfield code="c">2021-03-11T13:25:56Z</subfield>
   </datafield>
   <datafield ind2=" " ind1=" " tag="260">
      <subfield code="c">2021-03-11T13:25:56Z</subfield>
   </datafield>
   <datafield ind2=" " ind1=" " tag="260">
      <subfield code="c">2020-12-23</subfield>
   </datafield>
   <datafield ind2=" " ind1=" " tag="260">
      <subfield code="c">2021-03-11T13:25:56Z</subfield>
   </datafield>
   <datafield ind2=" " ind1=" " tag="520">
      <subfield code="a">Cancer is responsible annually for around 27% of all deaths in Spain, 15% of which are caused by colorectal cancer. This malignancy has increased its incidence considerably over the past years, which surely impacts global productivity losses. The evaluation of lost productivity due to premature mortality provides valuable information that guides healthcare policies into the establishment of prevention and screening programs. The purpose of this study was to assess the productivity losses from premature deaths due to colorectal cancer over a ten year period (2008-2017). The costs derived from premature mortality due to this highly prevalent cancer were estimated using data on mortality, age- and sex-specific reference salaries and unemployment rates in Spain via the human capital approach. Between 2008 and 2017, 15,103 persons died per year from colorectal cancer, representing almost 15% of all cancer-related deaths. Annually, 25,333 years of potential productive life were estimated to be lost on average, 14,992 in males and 10,341 in females. Productivity losses summed  510.8 million in in 2017, and the cancers of the colon and rectum accounted for 9.6% of cancer-related productivity losses in 2017 in Spain. Colorectal cancer has an important weight in terms of productivity losses within the Spanish population, consequently, prevention and early detection programmes should be promoted and implemented to achieve significant reductions in mortality and productivity losses.</subfield>
   </datafield>
   <datafield tag="653" ind2=" " ind1=" ">
      <subfield code="a">Càncer colorectal</subfield>
   </datafield>
   <datafield tag="653" ind2=" " ind1=" ">
      <subfield code="a">Càncer de pròstata</subfield>
   </datafield>
   <datafield tag="653" ind2=" " ind1=" ">
      <subfield code="a">Mortalitat</subfield>
   </datafield>
   <datafield tag="653" ind2=" " ind1=" ">
      <subfield code="a">Productivitat</subfield>
   </datafield>
   <datafield tag="653" ind2=" " ind1=" ">
      <subfield code="a">Colorectal cancer</subfield>
   </datafield>
   <datafield tag="653" ind2=" " ind1=" ">
      <subfield code="a">Prostate cancer</subfield>
   </datafield>
   <datafield tag="653" ind2=" " ind1=" ">
      <subfield code="a">Mortality</subfield>
   </datafield>
   <datafield tag="653" ind2=" " ind1=" ">
      <subfield code="a">Productivity</subfield>
   </datafield>
   <datafield ind2="0" ind1="0" tag="245">
      <subfield code="a">Evaluation of productivity losses due to premature mortality from colorectal cancer</subfield>
   </datafield>
</record></metadata></record></GetRecord></OAI-PMH>